UM Logo

Psychological testing and assessment : (Record no. 1489)

MARC details
000 -LEADER
fixed length control field 00749nam a22001937a 4500
008 - FIXED-LENGTH DATA ELEMENTS--GENERAL INFORMATION
fixed length control field 160123b xxu||||| |||| 00| 0 eng d
020 ## - INTERNATIONAL STANDARD BOOK NUMBER
International Standard Book Number 978-007-125910-1
082 ## - DEWEY DECIMAL CLASSIFICATION NUMBER
Edition number 2007
Classification number DC 150.287
Item number C66
100 ## - MAIN ENTRY--PERSONAL NAME
9 (RLIN) 4558
Personal name Cohen, Ronald Jay.
245 ## - TITLE STATEMENT
Title Psychological testing and assessment :
Remainder of title an introduction to tests and measurement/
Statement of responsibility, etc. Ronald Jay Cohen; Mark E. Swerdlik.
250 ## - EDITION STATEMENT
Edition statement Sixth edition
260 ## - PUBLICATION, DISTRIBUTION, ETC. (IMPRINT)
Place of publication, distribution, etc. Boston :
Name of publisher, distributor, etc. McGraw-Hill Higher Education,
Date of publication, distribution, etc. c2007.
300 ## - PHYSICAL DESCRIPTION
Extent xxii, (various pagings):
Other physical details illustrations;
Dimensions 25 cm.
500 ## - GENERAL NOTE
General note Includes bibliographical references and index.
650 #0 - SUBJECT ADDED ENTRY--TOPICAL TERM
9 (RLIN) 2077
Topical term or geographic name as entry element Psychological tests
Form subdivision Textbooks.
650 #0 - SUBJECT ADDED ENTRY--TOPICAL TERM
9 (RLIN) 2078
Topical term or geographic name as entry element Psychometrics
Form subdivision Textbooks.
700 ## - ADDED ENTRY--PERSONAL NAME
9 (RLIN) 4556
Personal name Swerdlik, Mark E.
942 ## - ADDED ENTRY ELEMENTS (KOHA)
Source of classification or shelving scheme Dewey Decimal Classification
Koha item type Circulation
Holdings
Withdrawn status Lost status Source of classification or shelving scheme Damaged status Not for loan Collection code Home library Current library Shelving location Date acquired Source of acquisition Total Checkouts Full call number Barcode Date last seen Date last checked out Copy number Price effective from Koha item type
    Dewey Decimal Classification     Circulation UM Digos College - LIC UM Digos College - LIC Book Cart 12/02/2012 Donation 13 DC 150.287 C66 2007 21954 05/15/2025 12/01/2018 1 04/01/2016 Circulation